Quiz groupes corses - Statistiques

Statistiques générales
  • Ce quiz a été pris 65 fois
  • Le résultat moyen est 11 sur 15
Statistiques - réponses
Chanson Groupe / Artiste % Correct
Quand’è tu balli Felì
89%
A pizzica Diana di l’alba
86%
I paisoli d’orezza Petru Guelfucci
80%
Fiure di Palestina Vitalba
80%
Quandi a terra move Canta u Populu Corsu
77%
Lingua libertà L’arcusgi
74%
U mio cantu Chjami Aghjalesi
71%
A me patria Surghjenti
71%
Eddi Attallà
69%
Monte Cristu Chjar di Luna
66%
A morte di vannina Voce Ventu
66%
Monti gozzi Cuscenza
63%
Nova virtù L’attrachju
63%
Pè fà la campà I Messageri
60%
Quand’eddi m’accurdarani Voci di a Gravona
54%
Aucun quiz correspondant
Distribution des résultats
% des personnes avec chaque résultat
Percentile par nombre de réponses
Votre historique - résultats
Vous n’avez pas pris ce quiz